00442nam a2200145Ia 450000500170000000800410001702000180005808200220007610000200009824500890011825000120020726000270021930000120024644000380025820240704095459.0240126s9999 xx 000 0 und d a9780750682770 a910.688 MCC;1 R aMc Cabe, Scott. 0aMarketing communications in tourism and hospitality : concepts, strategies and cases a1st ed. bElsevieraOxfordc2009 axx, 300 aHospitality, leisure, and tourism